000 00683nam a2200277Ia 4500
005 20260324113002.0
008 008 260324s9999 xx 000 0 eng d
020 _a9781003409090
037 _aEBOOK
040 _aCRL
040 _beng
040 _cCRL
041 _2eng
041 _aeng
084 _qCRL
100 _aKotaro Kajikawa; Junichi Takahara
_91144955
245 0 _aThermal Plasmonics and Metamaterials for a Low-Carbon Society
260 _bTaylor and Francis
260 _c2024
365 _a
365 _b195
856 _uhttp://www.taylorfrancis.com/books/9781003409090
942 _cEBOOK
999 _c1734365
_d1734365